00261nam a2200109Ia 4500100003500000654001800035245003100053260004000084082000800124300000700132546001200139 aNational Productivity Council  aAluminum Door aAluminum Door &Window Sash bNational Productivity Councilc2001 a684 a42 aENGLISH